| 000 | 00487nam a2200169 a 4500 | ||
|---|---|---|---|
| 020 | _a0434959936 | ||
| 082 | 0 | 0 |
_a372.61 _bSAM |
| 100 | 1 |
_aSapna Ads _946924 |
|
| 245 | 1 | 0 |
_aTiny Tot 1001 words in prectice / _cSapna Ads |
| 260 |
_aLondon : _bHeinemann, |
||
| 300 |
_ball col. ill. ; _c31 cm. |
||
| 526 |
_a0 _b0 _c0 _d372_610000000000000_SAM |
||
| 526 |
_a0 _b0 _c0 _d372_610000000000000_SAM |
||
| 650 | 0 |
_aMCE _9379 |
|
| 650 | 0 |
_aVocabulary _xJuvenile literature. _946925 |
|
| 942 |
_2ddc _cBK |
||
| 999 |
_c550199 _d550199 |
||